Państwa odwiedzone przez F1 - Statystyki

Ogólne statystyki
  • Ten quiz został rozwiązany 4 497 razy
  • Średni wynik to 28 z 34
Statystyki odpowiedzi
Państwo % Poprawnych
Stany Zjednoczone
98%
Brazylia
95%
Francja
95%
Hiszpania
95%
Niemcy
95%
Włochy
95%
Chiny
93%
Japonia
93%
Kanada
93%
Wielka Brytania
93%
Australia
92%
Meksyk
92%
Rosja
92%
Argentyna
90%
Austria
90%
Belgia
89%
Holandia
89%
Arabia Saudyjska
85%
Monako
85%
Portugalia
85%
Zjednoczone Emiraty Arabskie
83%
Katar
80%
Indie
78%
Turcja
77%
Węgry
77%
Szwecja
75%
Republika Południowej Afryki
74%
Korea Południowa
73%
Szwajcaria
71%
Bahrajn
69%
Singapur
61%
Azerbejdżan
60%
Malezja
57%
Maroko
57%
Nie znaleziono quizów pasujących do podanych kryteriów
Rozkład punktacji
Procent ludzi z każdym wynikiem
Percentyl według liczby udzielonych odpowiedzi
Twoja historia wyników
Nie rozwiązałeś tego quizu